AH International Schools' Libraries

Future School Administration: (Record no. 49546)

MARC details
000 -LEADER
fixed length control field 00427nam a2200109 4500
020 ## - INTERNATIONAL STANDARD BOOK NUMBER
International Standard Book Number 962201917x
245 ## - TITLE STATEMENT
Title Future School Administration:
Remainder of title Western and Asian perspectives /
Statement of responsibility, etc Clive Dimmock and Allan Walker.
260 ## - PUBLICATION, DISTRIBUTION, ETC. (IMPRINT)
Place of publication, distribution, etc Hong Kong:
Name of publisher, distributor, etc The Chinese University;
Date of publication, distribution, etc 2000.
300 ## - PHYSICAL DESCRIPTION
Extent 342 p.
Dimensions 22 cm.
650 ## - SUBJECT ADDED ENTRY--TOPICAL TERM
Topical term or geographic name as entry element Social Sciences. Theory and practice of education. School Administration and organization.
9 (RLIN) 86680
942 ## - ADDED ENTRY ELEMENTS (KOHA)
Source of classification or shelving scheme
Koha item type Teacher's Resources
Holdings
Withdrawn status Lost status Source of classification or shelving scheme Damaged status Not for loan Collection code Home library Current library Shelving location Date acquired Full call number Barcode Date last seen Price effective from Koha item type
          TEACHERS' RESOURCES Asian Hope Secondary Library Asian Hope Secondary Library SECONDARY 09/10/2025 371.2 DIM 208267 09/10/2025 09/10/2025 Teacher's Resources

For any Logos Library related questions please contact Miss Art at swongnarasuk@asianhope.org.

For any Asian Hope Library related questions please contact Miss Raza at graza@asianhope.org.

Powered by Koha